Ví dụ và bài tập Visual Basic.NET - lập trình hướng đối tượng
Guardat en:
| Format: | CD |
|---|---|
| Idioma: | Vietnamese |
| Publicat: |
H. :
Nhà sách Thăng Long,
2006
|
| Etiquetes: |
Afegir etiqueta
Sense etiquetes, Sigues el primer a etiquetar aquest registre!
|
| Thư viện lưu trữ: | Thư viện Trường Đại học Đà Lạt |
|---|
| LEADER | 00617nam a2200253 4500 | ||
|---|---|---|---|
| 001 | DLU060052314 | ||
| 005 | ##20051123 | ||
| 040 | # | # | |a DLU |b vie |
| 041 | # | # | |a vie |
| 044 | # | # | |a vn |
| 082 | # | # | |a 005.133 |b PH-K |
| 245 | # | # | |a Ví dụ và bài tập Visual Basic.NET - lập trình hướng đối tượng |
| 256 | # | # | |a 4 3/4 in. |
| 260 | # | # | |a H. : |b Nhà sách Thăng Long, |c 2006 |
| 300 | # | # | |a 1 đĩa CD-ROM 4 3/4 in. |
| 992 | # | # | |a 0 |
| 994 | # | # | |a DLU |
| 900 | # | # | |a True |
| 911 | # | # | |a Nguyễn Xuân Phương |
| 925 | # | # | |a CD |
| 926 | # | # | |a A |
| 927 | # | # | |a CD |
| 980 | # | # | |a Thư viện Trường Đại học Đà Lạt |